000 01460nam1a2200301 i 4500
001 RU\NLR\BIBL_A\012287341
005 20260407090741.0
010 _a9785824323962
035 _a(NLR Aleph) 012287341
090 _a11251097
_c11251097
100 _a20200707d2020 km y0rusy50 ca
101 0 _arus
102 _aRU
105 _a||||z||||||||
181 0 _ai
_baxxe
182 0 _an
200 1 _aОбщественная мысль России с древнейших времен до середины XX в.
_e[монография]
_eв 4 томах
_fредакционный совет: И. Н. Данилевский, доктор исторических наук, профессор [и др.]
_gИнститут общественной мысли
203 _aТекст
_bвизуальный
_cнепосредственный
210 _aМосква
_cРОССПЭН
_cПолитическая энциклопедия
_d2020
215 _d22
606 1 _aОбщественная мысль
_xИстория
_yРоссия
_92452797
_3RU\NLR\AUTH\661458208
686 1 _aТ3(2)0-72
702 1 _4340
_7ca
_8rus
_aДанилевский
_bИ. Н.
_cисторик
_f1953-
_gИгорь Николаевич
_97086
_3RU\NLR\AUTH\7724034
712 0 2 _4570
_aИнститут общественной мысли
_cМосква
_9596696
_3RU\NLR\AUTH\8810048304
852 _aNLR
_j2020-5/2470
942 _cBOOK